000 00308 a2200157 4500
001 170772
020 _a
040 _cMagnum
100 _aCesar e Sezar
240 1 0 _aBiologia - v.2
_lpor
245 1 0 _aBiologia - v.2
362 0 _a1899
440 1 _aSaraiva
697 _aPARADIDATICOS
942 _cBK
999 _c170772
_d170772